000 00307nam a22001337a 4500
008 181023b xxu||||| |||| 00| 0 eng d
020 _a9780073528267
041 _aeng
080 _29th
_a316
100 _a50
101 _aSOC
245 _aSociology a Brief Introdution
_cSchaefer,R.T
942 _2udc
_cBK
999 _c50611
_d50611